Blue City /

Bibliographic Details
Main Author: Macdonald, Ross, 1915-1983
Format: Book
Language:English
Published: Boston : Hill & Co., [1987]
Series:Rediscovery books.

MARC

Tag First Indicator Second Indicator Subfields
LEADER 00000cam a2200000 a 4500
001 in00000016261
005 20151007052727.0
008 870414c19871947mau 00011 eng
010 |a  87008739  
020 |a 0940595117 :  |c $9.95 
035 |a (OCoLC)15630531 
035 |9 AAA8947AM 
040 |a DLC  |c DLC  |d TXA  |d UtOrBLW 
049 |a TXAM  |c [A11490663] 
050 0 0 |a PS3525.I486  |b B47 1987 
082 0 |a 813/.52  |2 19 
100 1 |a Macdonald, Ross,  |d 1915-1983. 
245 1 0 |a Blue City /  |c Ross Macdonald ; introduction by Robert B. Parker. 
264 1 |a Boston :  |b Hill & Co.,  |c [1987] 
264 4 |c ©1947 
300 |a vii, 231 pages ;  |c 22 cm. 
336 |a text  |b txt  |2 rdacontent 
337 |a unmediated  |b n  |2 rdamedia 
338 |a volume  |b nc  |2 rdacarrier 
490 1 |a Rediscovery books 
830 0 |a Rediscovery books. 
999 |a MARS 
999 f f |s 83dce8b5-67c8-372b-a6a2-92fb67b0256c  |i 05e22795-ea4f-380c-aba2-ae0a169a233a  |t 0 
952 f f |p ric  |a Texas A&M University  |b Rellis Campus  |c Joint Library Facility  |d Remote Storage  |t 0  |e PS3525.I486 B47 1987  |h Library of Congress classification  |i unmediated -- volume  |m A14811490663 
998 f f |a PS3525.I486 B47 1987  |t 0  |l Remote Storage